LEADER 00713nam a2200193 i 4500 001 000000142796 003 CaOOAMICUS 005 20050913000000.0 008 050913n it u000 u ita u 013 $a118152 040 $aSeMil$bita 100 1 $aGiannantoni, Gabriele,$d<1932-1998>.$0(OLS)http://semarc/name/5514 245 13$aLe forme classiche. 300 $aVIII, 495 p. 773 0 $aGiannantoni, Gabriele <1932-1998>$tRicerca filosofica.$dTorino : Loescher, copyr. 1981.$gVolume1$w()14225 850 $aSeMil 852 $aSeMil$W1$xVenegono$y1$m202 9 1 *$j95936$B95936$CSeMilBibl$Z2$F102788 $81 961 $aLascito: Corradi mons. Enrico 996 $6245$aLe forme classiche$9(OLS)http://semarc/title/208899 LEADER 01066nam a2200241 i 4500 001 000000197397 003 CaOOAMICUS 005 20110211000000.0 008 110211n it u000 u ita u 013 $a176084 040 $aSeMil$bita 100 1 $aManfredini, Enrico,$c.$0(OLS)http://semarc/name/17392 245 10$aRiflessione teologica e azione pastorale /$cMons. Enrico Manfredini, Vescovo di Piacenza. 260 $aLeumann (Torino) :$bElle Di Ci,$c[197?] 300 $a47 p. ;$c19 cm. 490 0 $aMaestri della fede : collana di magistero episcopale ;$v79 650 4$aTeologia - Sec. 20.-21.$0(OLS)http://semarc/subject/174 830 0$aMaestri della fede. Esperienze ;$v79.$0(OLS)http://semarc/title/420007 850 $aSeMil 852 $aSeMil$W1$xVenegono$y1$m5A XII 10/19$j147956$B147956$CSeMilBibl$Z2$F159405 $81 961 $aOmaggio: Altro 996 $6245$aRiflessione teologica e azione pastorale$9(OLS)http://semarc/title/285017 996 $6260$aLeumann (Torino) :$bElle Di Ci$9(OLS)http://semarc/publisher/29809